<?xml version="1.0" encoding="UTF-8"?>
<record
    xmlns:xsi="http://www.w3.org/2001/XMLSchema-instance"
    xsi:schemaLocation="http://www.loc.gov/MARC21/slim http://www.loc.gov/standards/marcxml/schema/MARC21slim.xsd"
    xmlns="http://www.loc.gov/MARC21/slim">

  <leader>01205nam a22003737a 4500</leader>
  <controlfield tag="003">CHAP</controlfield>
  <controlfield tag="005">20220329134341.0</controlfield>
  <controlfield tag="008">971013s1981            r     00010     d</controlfield>
  <datafield tag="010" ind1=" " ind2=" ">
    <subfield code="a">19153</subfield>
  </datafield>
  <datafield tag="011" ind1=" " ind2=" ">
    <subfield code="a">20125</subfield>
  </datafield>
  <datafield tag="035" ind1=" " ind2=" ">
    <subfield code="a">24213</subfield>
  </datafield>
  <datafield tag="040" ind1=" " ind2=" ">
    <subfield code="c">CHAP</subfield>
  </datafield>
  <datafield tag="090" ind1=" " ind2=" ">
    <subfield code="a">Folleto 10013</subfield>
  </datafield>
  <datafield tag="100" ind1="0" ind2="0">
    <subfield code="a">Amador Alarcon, Moises.</subfield>
    <subfield code="9">5061</subfield>
  </datafield>
  <datafield tag="245" ind1=" " ind2=" ">
    <subfield code="a">An&#xE1;lisis e implementaci&#xF3;n de sistemas hidroagr&#xED;colas</subfield>
  </datafield>
  <datafield tag="260" ind1=" " ind2=" ">
    <subfield code="a">Cardenas, Tab., :</subfield>
    <subfield code="b">Colegio Superior de Agricultura Tropical,</subfield>
    <subfield code="c">1981</subfield>
  </datafield>
  <datafield tag="300" ind1=" " ind2=" ">
    <subfield code="a">29 h</subfield>
  </datafield>
  <datafield tag="590" ind1=" " ind2=" ">
    <subfield code="a">BATCH-UPD</subfield>
    <subfield code="b">10</subfield>
    <subfield code="c">20130110</subfield>
    <subfield code="l">UCH01</subfield>
    <subfield code="h">0032</subfield>
  </datafield>
  <datafield tag="590" ind1=" " ind2=" ">
    <subfield code="a">BATCH-UPD</subfield>
    <subfield code="b">10</subfield>
    <subfield code="c">20130110</subfield>
    <subfield code="l">UCH01</subfield>
    <subfield code="h">1035</subfield>
  </datafield>
  <datafield tag="590" ind1=" " ind2=" ">
    <subfield code="a">BATCH-UPD</subfield>
    <subfield code="b">10</subfield>
    <subfield code="c">20130410</subfield>
    <subfield code="l">UCH01</subfield>
    <subfield code="h">0636</subfield>
  </datafield>
  <datafield tag="590" ind1=" " ind2=" ">
    <subfield code="a">BATCH-UPD</subfield>
    <subfield code="b">10</subfield>
    <subfield code="c">20130913</subfield>
    <subfield code="l">UCH01</subfield>
    <subfield code="h">2245</subfield>
  </datafield>
  <datafield tag="590" ind1=" " ind2=" ">
    <subfield code="a">CONVERSION</subfield>
    <subfield code="b">10</subfield>
    <subfield code="c">20130109</subfield>
    <subfield code="l">UCH01</subfield>
    <subfield code="h">1312</subfield>
  </datafield>
  <datafield tag="650" ind1="1" ind2="4">
    <subfield code="a">Agricultura</subfield>
    <subfield code="x">Tabasco.</subfield>
    <subfield code="9">1830</subfield>
  </datafield>
  <datafield tag="650" ind1="1" ind2="4">
    <subfield code="a">Agricultura</subfield>
    <subfield code="x">Tr&#xF3;picos.</subfield>
    <subfield code="9">1888</subfield>
  </datafield>
  <datafield tag="650" ind1="1" ind2="4">
    <subfield code="a">Bancales.</subfield>
    <subfield code="9">9803</subfield>
  </datafield>
  <datafield tag="650" ind1="1" ind2="4">
    <subfield code="a">Drenaje</subfield>
    <subfield code="x">Tabasco.</subfield>
    <subfield code="9">34213</subfield>
  </datafield>
  <datafield tag="650" ind1="1" ind2="4">
    <subfield code="a">Mayas</subfield>
    <subfield code="x">Agricultura.</subfield>
    <subfield code="9">73210</subfield>
  </datafield>
  <datafield tag="650" ind1="1" ind2="4">
    <subfield code="a">Sistemas de cultivo.</subfield>
    <subfield code="9">106746</subfield>
  </datafield>
  <datafield tag="700" ind1="0" ind2=" ">
    <subfield code="a">Coronado N., Roberto.</subfield>
    <subfield code="9">28145</subfield>
  </datafield>
  <datafield tag="700" ind1="0" ind2=" ">
    <subfield code="a">Mirafuentes, Felipe.</subfield>
    <subfield code="9">76039</subfield>
  </datafield>
  <datafield tag="901" ind1=" " ind2=" ">
    <subfield code="a">BK</subfield>
  </datafield>
  <datafield tag="942" ind1=" " ind2=" ">
    <subfield code="c">FOLL</subfield>
  </datafield>
  <datafield tag="949" ind1=" " ind2=" ">
    <subfield code="a">Folleto 10013</subfield>
    <subfield code="b">BC</subfield>
    <subfield code="c">FOLL</subfield>
    <subfield code="d">-55902</subfield>
    <subfield code="e">TS1</subfield>
    <subfield code="i">24213</subfield>
    <subfield code="m">D</subfield>
    <subfield code="s">i</subfield>
  </datafield>
  <datafield tag="999" ind1=" " ind2=" ">
    <subfield code="c">19153</subfield>
    <subfield code="d">19153</subfield>
  </datafield>
  <datafield tag="952" ind1=" " ind2=" ">
    <subfield code="0">0</subfield>
    <subfield code="1">0</subfield>
    <subfield code="2">local</subfield>
    <subfield code="4">0</subfield>
    <subfield code="5">1</subfield>
    <subfield code="7">0</subfield>
    <subfield code="8">FOLL</subfield>
    <subfield code="a">BC</subfield>
    <subfield code="b">BC</subfield>
    <subfield code="c">PA_FOLLETOS</subfield>
    <subfield code="d">2012-12-17</subfield>
    <subfield code="f">FOLL</subfield>
    <subfield code="l">0</subfield>
    <subfield code="o">Folleto 10013</subfield>
    <subfield code="p">-55902</subfield>
    <subfield code="r">2019-12-31 00:00:00</subfield>
    <subfield code="w">2012-12-17</subfield>
    <subfield code="y">FOLL</subfield>
  </datafield>
</record>
